00749 2200265 4500001002100000005001700021008004100038020001800079035002400097040001200121082001100133090001600144245007700160250001000237260003800247300003000285440002700315500002500342650003900367700002000406850001200426990001500438990001500453990001500468YOGYA-0209000007277020090227093643.0 ind  a979-006-138-2 0010-020900000072770 aYOPDYOG a338.19 a338.19bDua a22 peluang bisnis makanan untuk home industrycpenyunting,Bagus Harianto aCet.2 aJakartabRedaksi Agro Mediac2008 aviii,199 hlmbilusc24 cm aMembidik peluang usaha aBibliografi: hlm 199 aMakanan - Industri dan Perdagangan aHarianto, Bagus aYOPDYOG a08P0000031 a08P0000032 a08P0000033